| 000 | 02021cam a2200325 a 4500 | ||
|---|---|---|---|
| 999 |
_c27173 _d27173 |
||
| 001 | 15557432 | ||
| 003 | OSt | ||
| 005 | 20170207145627.0 | ||
| 008 | 081215s2009 ilua b s001 0deng | ||
| 010 | _a 2008054054 | ||
| 020 | _a9780875803968 (clothbound : alk. paper) | ||
| 020 | _a0875803962 (clothbound : alk. paper) | ||
| 035 | _a(OCoLC)ocn288379418 | ||
| 040 |
_aDLC _cDLC _dBTCTA _dYDXCP _dC#P _dBWX _dCDX _dDLC |
||
| 043 | _an-us--- | ||
| 050 | 0 | 0 |
_aNA2127.S66 _bM38 2009 |
| 082 | 0 | 0 |
_a720.92 _222 |
| 100 | 1 | _aMarty, Myron A. | |
| 245 | 1 | 0 |
_aCommunities of Frank Lloyd Wright : _bTaliesin and beyond / _cMyron A. Marty. |
| 260 |
_aDeKalb, Ill. : _bNorthern Illinois University Press, _cc2009. |
||
| 300 |
_ax, 306 p. : _bill. ; _c26 cm. |
||
| 504 | _aIncludes bibliographical references (p. 295-297) and index. | ||
| 505 | 0 | _aFrank Lloyd Wright, architect -- The Oak Park studio years -- Unsettled years: at home and abroad -- Unsettled years continue: Japan and Taliesin -- Transition in California -- The fellowship: distinctive by design -- A home at Taliesin and hope in the desert -- Dreams and realities -- Fellowship discoveries -- Getting started -- Beyond schooling -- Reaching in all directions -- Each day an excitement -- Broadacre adventures -- Landmark buildings -- The desert camp -- The fellowship at work -- Daily life in the fellowship: the 1940s and 1950s -- Mrs. Wright's fellowship: 1959-1985. | |
| 600 | 1 | 0 |
_aWright, Frank Lloyd, _d1867-1959 _xFriends and associates. |
| 610 | 2 | 0 | _aTaliesin Fellowship. |
| 650 | 0 |
_aArchitectural studios _zUnited States. |
|
| 650 | 0 |
_aArchitecture _xStudy and teaching _zUnited States _xHistory _y20th century. |
|
| 906 |
_a7 _bcbc _corignew _d1 _eecip _f20 _gy-gencatlg |
||
| 942 |
_2lcc _cBOOKS _hNA 2127 .S66M38 2009 |
||